Physics : (Record no. 3574)

MARC details
000 -LEADER
fixed length control field 00541nam a2200205 4500
003 - CONTROL NUMBER IDENTIFIER
control field OSt
005 - DATE AND TIME OF LATEST TRANSACTION
control field 20160414183515.0
008 - FIXED-LENGTH DATA ELEMENTS--GENERAL INFORMATION
fixed length control field 160414b xxu||||| |||| 00| 0 eng d
020 ## - INTERNATIONAL STANDARD BOOK NUMBER
International Standard Book Number 1572596155
040 ## - CATALOGING SOURCE
Transcribing agency 040a
082 ## - DEWEY DECIMAL CLASSIFICATION NUMBER
Classification number 530
Item number TIP 1999
100 ## - MAIN ENTRY--PERSONAL NAME
Personal name Tipler, Paul A.
9 (RLIN) 7983
245 ## - TITLE STATEMENT
Title Physics :
Remainder of title for scientists and engineers/
Statement of responsibility, etc. Paul A Tipler
250 ## - EDITION STATEMENT
Edition statement 4th.ed
260 ## - PUBLICATION, DISTRIBUTION, ETC. (IMPRINT)
Place of publication, distribution, etc. New York
Name of publisher, distributor, etc. W. H Freeman
Date of publication, distribution, etc. 1999
300 ## - PHYSICAL DESCRIPTION
Extent xxix, 1335;
Other physical details col.ill :
Dimensions 30 cm.
504 ## - BIBLIOGRAPHY, ETC. NOTE
Bibliography, etc Includes index
650 ## - SUBJECT ADDED ENTRY--TOPICAL TERM
Topical term or geographic name as entry element Physics
9 (RLIN) 809
942 ## - ADDED ENTRY ELEMENTS (KOHA)
Source of classification or shelving scheme Dewey Decimal Classification
Koha item type Short Loan
Holdings
Withdrawn status Lost status Source of classification or shelving scheme Damaged status Not for loan Home library Current library Date acquired Inventory number Total Checkouts Full call number Barcode Date last seen Price effective from Koha item type
    Dewey Decimal Classification     MUST Main Library MUST Main Library 14/04/2016 2002/17438   530 TIP 1999 2016-0932 14/04/2016 14/04/2016 Short Loan
    Dewey Decimal Classification     MUST Main Library MUST Main Library 11/05/2016 2002/17440   530 TIP 1999 2016-1807 11/05/2016 11/05/2016 Short Loan